AFL theme songs lyric finder - Statistics

General Stats
  • This quiz has been taken 41 times
  • The average score is 13 of 18
Answer Stats
Team Lead up Answer After part % Correct
Carlton Blues We, are, The Navy blues We are the old, dark, navy blues
97%
Essendon Bombers See the Bombers fly up To win the Premiership flag
93%
Geelong Cats We are Geelong The Greatest team of all We are Geelong, we're always on the ball
93%
Collingwood Magpies Good 'ol Collingwood Forever We know how to play the game
90%
Port Adelaide Power We've got the Power to win We'll never give in, Till the flag is ours for the taking
87%
Sydney Swans Cheer, Cheer the Red and the White Honor the name day and, by night
87%
Richmond Tigers Oh we're from Tigerland A fighting fiery we're from Tigerland
83%
Hawthorn Hawks We're, a Happy team at Hawthorn We're, the mighty fighting Hawks
80%
St Kilda Saints Oh when the Saints go marching in Oh how I want to be, with St Kilda
80%
West Coast Eagles We're the Eagles, The West Coast Eagles And we're here, to show you why
80%
GWS Giants Its the sound of the Mighty Giants You feel the ground, a-shaking
73%
Adelaide Crows We're the Pride of South Australia And we're known as the Adelaide Crows
73%
Brisbane Lions We are the Pride of Brisbane town We wear maroon, blue and gold
67%
Western Bulldogs Sons of the west Red, white and blue We, come out snarling, bulldogs
67%
Gold Coast Suns We are the Suns of the gold coast sky We are one with the red gold and blue
60%
Fremantle Dockers Freo, way to go, we are The Freo dockers We'll roll em and we'll rock em
57%
North Melbourne Kangaroos Join in, the Corus North Melbourne's on the ball Good ol, North Melbourne, Their campions you'll agree
40%
Melbourne Demons Its a Grand ol flag Its a high flying flag its the emblem, for me and for you
33%
No matching quizzes found
Score Distribution
Percent of People with Each Score
Percentile by Number Answered
Your Score History
You have not taken this quiz